All 5k+ cities in Alaska on a map - Statistics

General Stats
  • This quiz has been taken 8 times
  • The average score is 8 of 11
Answers on the Map
Answers color-coded by a green-red scale on the quiz's map according to % correct below.
 
Answer Stats
City Population % Correct
Anchorage 291,247
100%
Fairbanks 32,515
100%
Juneau 32,255
100%
Kodiak 5,581
86%
Sitka 8,458
86%
Wasilla 9,054
71%
Ketchikan 8,192
57%
Bethel 6,325
43%
Kenai 7,424
43%
Palmer 5,888
43%
Homer 5,522
29%
No matching quizzes found
Score Distribution
Percent of People with Each Score
Percentile by Number Answered
Your Score History
You have not taken this quiz